Statistiken für Deutsche Fußball-Teams in Profiligen

Klicken Sie hier um das Quiz zu spielen!

Allgemein

  • Dieses Quiz wurde 437 mal gespielt
    (367 seit der letzten Aktualisierung)
  • Das Durchschnittsergebnis liegt bei 45 aus 56

Antwortstatistiken

Club % Korrekt
FC Bayern München
99%
Borussia Dortmund
99%
Hamburger SV
98%
SC Fortuna Köln
97%
VfB Stuttgart
97%
Hertha BSC
97%
RB Leipzig
96%
1. FC Köln
96%
SC Freiburg
95%
Werder Bremen
95%
1. FC Union Berlin
95%
Borussia Mönchengladbach
95%
1. FC Nürnberg
95%
Eintracht Frankfurt
94%
FC Schalke 04
94%
Hannover 96
94%
VfL Wolfsburg
93%
Dynamo Dresden
92%
Fortuna Düsseldorf
92%
Bayer 04 Leverkusen
92%
1. FSV Mainz 05
91%
TSG 1899 Hoffenheim
91%
FC Augsburg
91%
Holstein Kiel
88%
Arminia Bielefeld
87%
SC Paderborn 07
87%
FC Ingolstadt 04
84%
FC St. Pauli
83%
Hansa Rostock
83%
VfL Bochum
82%
SpVgg Greuther Fürth
81%
MSV Duisburg
81%
Eintracht Braunschweig
81%
1. FC Kaiserslautern
81%
Karlsruher SC
79%
1. FC Magdeburg
78%
SV Darmstadt 98
77%
TSV 1860 München
77%
1. FC Heidenheim
74%
SV Wehen Wiesbaden
73%
FC Carl Zeiss Jena
73%
Preußen Münster
71%
FC Erzgebirge Aue
68%
SV Sandhausen
68%
SSV Jahn Regensburg
68%
Energie Cottbus
67%
VfL Osnabrück
67%
Hallescher FC
64%
Würzburger Kickers
63%
KFC Uerdingen
57%
SpVgg Unterhaching
55%
SG Sonnenhof Großaspach
53%
VfR Aalen
51%
FSV Zwickau
51%
SV Meppen
42%
Sportfreunde Lotte
34%

Verteilung der Resultate

Perzentil nach korrekt beantworteten Fragen

Anzahl Personen mit jedem Resultat

Ihre Resultats-Entwicklung

Sie haben dieses Quiz seit der letzten Aktualisierung nicht gespielt